| 000 | 00444nam a2200181Ia 4500 | ||
|---|---|---|---|
| 008 | 100920s9999 xx 000 0 und d | ||
| 082 |
_b32854 _a62 थ 70 |
||
| 100 | _aHOLLIS MARTIN. | ||
| 245 | _aTANTALIZERS. | ||
| 260 |
_bGEORGE ALLEN & UNWIN LTD. _c1970 |
||
| 300 |
_a153 _bसाधी |
||
| 365 | _b0 | ||
| 520 | _aएस.बी. | ||
| 630 | _aTANTALIZERS. | ||
| 650 | _aएस.बी. | ||
| 730 | _aTANTALIZERS. | ||
| 942 | _cBOOK | ||
| 999 |
_c687660 _d687657 |
||